Statistics for Afrika Ülkeleri

Click here to take the quiz!

General Stats

  • This quiz has been taken 3 906 times
  • The average score is 34 of 54

Answers on the Map

Answers color-coded by a green-red scale on the quiz's map according to % correct below.
 

Answer Stats

Country% Correct
Mısır
96%
Cezayir
94%
Fas
94%
Güney Afrika Cumhuriyeti
92%
Libya
90%
Tunus
90%
Madagaskar
87%
Nijer
85%
Somali
84%
Sudan
84%
Nijerya
83%
Demokratik Kongo Cumhuriyeti
82%
Kongo Cumhuriyeti
81%
Çad
79%
Etiyopya
76%
Orta Afrika Cumhuriyeti
76%
Kenya
74%
Güney Sudan
73%
Gine
72%
Gana
71%
Mali
71%
Senegal
71%
Angola
70%
Fildişi Sahili
67%
Kamerun
67%
Moritanya
66%
Zimbabve
65%
Eritre
64%
Tanzanya
64%
Zambiya
62%
Uganda
60%
Cibuti
59%
Mozambik
59%
Togo
57%
Benin
53%
Burundi
53%
Lesotho
52%
Namibya
52%
Burkina Faso
51%
Botsvana
50%
Ekvator Ginesi
50%
Gabon
50%
Ruanda
50%
Gambiya
49%
Esvatini
44%
Malavi
44%
Gine-Bissau
43%
Seyşeller
43%
Yeşil Burun Adaları
41%
Sierra Leone
40%
Komorlar
35%
São Tomé ve
Príncipe
28%
Mauritius
26%
Liberiya
18%

Score Distribution

Percentile by Number Answered

Percent of People with Each Score

Your Score History

You have not taken this quiz